000 00294nam a22001337a 4500
008 170412b xxu||||| |||| 00| 0 eng d
020 _a9780071427821
041 _aeng
080 _222 ED
_a618
100 _a10
101 _aSHM
245 _aWILLIAMS OBSTETRICS
_cCOX.S.M
942 _2udc
_cBK
999 _c10457
_d10457